Oakland Athletics Players - Sudden Death - Statistics

General Stats
  • This quiz has been taken 22 times
  • The average score is 12 of 16
Answers on the Grid
Answers color-coded by a green-red scale on the quiz's grid according to % correct below.
Barry Bonds
Barry Zito
Bert Campaneris
Bryce Harper
Catfish Hunter
Dennis Eckersley
Denzel Clarke
Elvis Alvarado
Ichiro Suzuki
Jason Giambi
Jimmie Foxx
Jose Altuve
Jose Canseco
Justin Verlander
Lou Brock
Luis Severino
Mark McGwire
Miguel Tejada
PeeWee Reese
Pete Rose
Reggie Jackson
Rickey Henderson
Roger Clemens
Rollie Fingers
Ryne Sandberg
Sal Bando
Sandy Alomar
Shonei Ohtani
Trae Turner
Yogi Berra
 
Answer Stats
Answer % Correct
Rickey Henderson
95%
Dennis Eckersley
89%
Jose Canseco
89%
Mark McGwire
89%
Catfish Hunter
84%
Rollie Fingers
84%
Barry Zito
79%
Reggie Jackson
79%
Jason Giambi
74%
Bert Campaneris
68%
Luis Severino
68%
Sal Bando
68%
Jimmie Foxx
63%
Miguel Tejada
63%
Denzel Clarke
47%
Elvis Alvarado
37%
No matching quizzes found
Score Distribution
Percent of People with Each Score
Percentile by Number Answered
Your Score History
You have not taken this quiz